00625nam a2200181 a 4500008004100000020001500041050001500056100002600071245010600097260003800203300001700241350000900258500006300267650003800330650003300368650001500401710002700416120416s1985 ||||||||||||||||| || u a9024731631 aKJ 857 Bas aSiekmann, Robert C. P10aBasic documents on United Nations and related peace keeping forcesccompiled by Robert C. P. Siekmann aDordrechtbMartinus Nijhoffc1985 axviii, 273p. a0.00 aAt head of title: T.M.C. Asser Instituut. -Includes index. aMultinational Force and Observers aUNITED NATIONS--ARMED FORCES aGOVERNMENT aT.M.C. Asser Instituut